Countries in the Far Cry Series - Statistics

General Stats
  • This quiz has been taken 18 times
  • The average score is 4 of 8
Answer Stats
Games Answer % Correct
Far Cry 6 Cuba
92%
Far Cry 5 United States
92%
Far Cry 4 Nepal
75%
Far Cry 3 Indonesia
50%
Far Cry 2 DR Congo
42%
Far Cry Primal Hungary
17%
Far Cry Primal Romania
17%
Far Cry, Far Cry Instincts Micronesia
8%
No matching quizzes found
Score Distribution
Percent of People with Each Score
Percentile by Number Answered
Your Score History
You have not taken this quiz